| 000 | 00990cam a22002654a 4500 | ||
|---|---|---|---|
| 001 | 11807420 | ||
| 005 | 20250207180616.0 | ||
| 008 | 991012s2001 at a 001 0 eng | ||
| 020 | _a0324027443 | ||
| 050 | 0 | 0 |
_aHG173 _b.M26 2001 |
| 082 | 0 | 0 |
_a332 _221 |
| 100 | 1 | _aMadura, Jeff. | |
| 245 | 1 | 0 |
_aFinancial markets and institutions / _cJeff Madura. |
| 250 | _a5th ed. | ||
| 260 |
_aAustralia ; _aCincinnati, OH : _bSouth-Western College Pub., _c2001. |
||
| 300 |
_axx, 698, A-10, B-3, G-11, I-8 p. : _bill. ; _c26 cm. |
||
| 500 | _aIncludes index. | ||
| 650 | 0 | _aFinancial institutions. | |
| 650 | 0 | _aCapital market. | |
| 650 | 0 | _aMoney market. | |
| 856 | 4 | 2 |
_3Contributor biographical information _uhttp://www.loc.gov/catdir/enhancements/fy1514/99052078-b.html |
| 856 | 4 | 2 |
_3Publisher description _uhttp://www.loc.gov/catdir/enhancements/fy1514/99052078-d.html |
| 856 | 4 | 1 |
_3Table of contents only _uhttp://www.loc.gov/catdir/enhancements/fy1514/99052078-t.html |
| 942 |
_2lcc _cBK _n0 |
||
| 999 |
_c3586 _d3586 |
||